000
00302nam a22001337a 4500
008
170221b xxu||||| |||| 00| 0 eng d
020
_a
9781418032210
041
_a
eng
080
_a
615
100
_a
5
101
_a
SHF
245
_a
POCKET GUIDE FOR PHARMACY TECHNICIANS
_c
MOINI, J
942
_2
udc
_c
BK
999
_c
5933
_d
5933